000 00265nam a22001097a 4500
999 _c165539
_d165539
082 _a
_b
100 _aYogendra Pratab Singh
245 _aSriramacharitmanaz (v.3)/
_cby Yogendra Pratab Singh.
260 _aAllahabad:
_bLokbharath,
_c
650 _a
942 _cBK